|
|
|
|
| LEADER |
03418nam a22003973i 4500 |
| 001 |
EBC6976052 |
| 003 |
MiAaPQ |
| 005 |
20231204023224.0 |
| 006 |
m o d | |
| 007 |
cr cnu|||||||| |
| 008 |
231204s2022 xx o ||||0 eng d |
| 020 |
|
|
|a 9783030817367
|q (electronic bk.)
|
| 020 |
|
|
|z 9783030817350
|
| 035 |
|
|
|a (MiAaPQ)EBC6976052
|
| 035 |
|
|
|a (Au-PeEL)EBL6976052
|
| 035 |
|
|
|a (OCoLC)1315647297
|
| 040 |
|
|
|a MiAaPQ
|b eng
|e rda
|e pn
|c MiAaPQ
|d MiAaPQ
|
| 050 |
|
4 |
|a RG1-991
|
| 100 |
1 |
|
|a Abdulcadir, Jasmine.
|
| 245 |
1 |
0 |
|a Female Genital Mutilation/Cutting in Children and Adolescents :
|b Illustrated Guide to Diagnose, Assess, Inform and Report.
|
| 250 |
|
|
|a 1st ed.
|
| 264 |
|
1 |
|a Cham :
|b Springer International Publishing AG,
|c 2022.
|
| 264 |
|
4 |
|c ©2022.
|
| 300 |
|
|
|a 1 online resource (127 pages)
|
| 336 |
|
|
|a text
|b txt
|2 rdacontent
|
| 337 |
|
|
|a computer
|b c
|2 rdamedia
|
| 338 |
|
|
|a online resource
|b cr
|2 rdacarrier
|
| 505 |
0 |
|
|a Intro -- Foreword -- Contents -- Contributors -- Introduction -- Part I: Female Genital Mutilation/Cutting in Infants, Children and Young People -- Chapter 1: Assessing the Infant/Child/Young Person with Suspected FGM/C -- 1.1 How Does the Child First Present? -- 1.2 Clinical Setting -- 1.3 Taking the History -- 1.4 The Examination -- 1.5 When FGM/C Is Confirmed -- 1.5.1 Clinical Management -- 1.5.2 Legal Proceedings -- 1.5.3 Medical Confirmation in the Framework of an Asylum Claim -- 1.6 When FGM/C Is Not Identified -- 1.6.1 The Need for Cultural Sensitivity and Risks of Stigmatization -- 1.7 Conclusion -- Chapter 2: Consent and Photography -- 2.1 Informed Consent -- 2.2 Trauma-Informed Care -- 2.3 Photography: Technical Tips -- Appendix: Standardized Form Used at University College London Hospitals as an Example [10] -- Part II: Iconography for Female External Genitals of Children with and Without FGM/C -- Chapter 3: Pictures Without FGM/C -- 3.1 Vulvar examination -- 3.2 Pictures Without FGM/C, with "Ambiguous" Genitals or Mucocolpos -- 3.3 Pictures Without FGM/C, with Dermatological Conditions, Infections, and Other Lesions -- 3.4 Pictures Without FGM/C, with Urethral Lesions -- 3.5 Pictures Without FGM/C, with Genital Trauma -- Chapter 4: Pictures with Potential Differential Diagnosis of FGM/C -- Chapter 5: Pictures with FGM/C -- 5.1 FGM/C Type I -- 5.2 FGM/C Type II -- 5.3 FGM/C Type III -- 5.4 FGM/C Type IV -- Chapter 6: FGM/C Complications -- 6.1 Acute -- 6.1.1 Prepubertal -- 6.1.2 Postpubertal -- 6.2 Long Term -- 6.2.1 Prepubertal -- 6.2.2 Postpubertal -- 6.3 Acute and Long Term -- 6.4 Surgical Treatments of Complications of FGM/C -- 6.5 Defibulation -- 6.5.1 Prepubertal -- 6.5.2 Postpubertal -- References.
|
| 588 |
|
|
|a Description based on publisher supplied metadata and other sources.
|
| 590 |
|
|
|a Electronic reproduction. Ann Arbor, Michigan : ProQuest Ebook Central, 2023. Available via World Wide Web. Access may be limited to ProQuest Ebook Central affiliated libraries.
|
| 655 |
|
4 |
|a Electronic books.
|
| 700 |
1 |
|
|a Sachs Guedj, Noémie.
|
| 700 |
1 |
|
|a Yaron, Michal.
|
| 776 |
0 |
8 |
|i Print version:
|a Abdulcadir, Jasmine
|t Female Genital Mutilation/Cutting in Children and Adolescents
|d Cham : Springer International Publishing AG,c2022
|z 9783030817350
|
| 797 |
2 |
|
|a ProQuest (Firm)
|
| 856 |
4 |
0 |
|u https://ebookcentral.proquest.com/lib/matrademy/detail.action?docID=6976052
|z Click to View
|